[Event "NOR-chT Eliteserien 2021-22"]
[Site "Norway"]
[Date "2022.02.06"]
[Round "6.2"]
[White "Galchenko, Matvey"]
[Black "Sagafos, Magne"]
[Result "1-0"]
[WhiteElo "2443"]
[BlackElo "2386"]
[Annotator "TA"]
[PlyCount "82"]
[EventDate "2021.10.29"]
[EventType "team-tourn"]
[EventCountry "NOR"]
[SourceTitle "playchess.com"]
[Source "ChessBase"]
[SourceQuality "1"]

{[%evp 9,82,28,47,20,13,25,44,13,37,34,66,62,70,16,58,53,68,56,79,83,72,86,91,79,88,60,118,117,111,65,53,60,69,0,0,0,0,0,0,-51,36,35,50,54,73,65,97,82,85,96,94,82,75,74,187,75,206,212,203,218,179,167,170,162,175,165,182,148,150,152,166,146,141,143,676]} 1. d4 Nf6 2. Nf3 g6 3. c4 Bg7 4. Nc3 d6 5. Bf4 Nh5 6. Be3 {E61: King's Indian: Early deviations for White, including Smyslov System.} O-O 7. Qd2 {[#]} f5 $146 {White must now prevent ...f4.} ({Predecessor:} 7... Bg4 8. Bh6 Bxh6 9. Qxh6 Bxf3 10. exf3 e6 11. g4 Ng7 12. O-O-O Nd7 13. h4 f5 {0-1 (40) Rukavina,J (2404)-Socko,B (2621) Biel 2006}) 8. g3 {Inhibits f4. White is slightly better.} Nc6 9. d5 Na5 10. b3 c5 11. dxc6 (11. Bh6 $14) 11... Nxc6 (11... bxc6 $11 12. Rd1 Nb7) 12. Bh6 $14 Bxh6 13. Qxh6 e5 14. Bg2 {And now Ng5 would win.} Nf6 15. Ng5 e4 16. O-O Qe7 17. h3 {Prevents Ng4.} Ne5 (17... Bd7 $14) 18. Rad1 Bd7 {[#]} 19. Nd5 (19. f3 $1 $16) 19... Nxd5 $1 20. Rxd5 Rf6 21. c5 (21. f4 $14 Nc6 22. Rfd1) 21... Qg7 $11 22. Qxg7+ Kxg7 23. Rfd1 {[%cal Od5e5] aiming for Rxe5!} (23. Rxd6 Rxd6 24. cxd6 h6 25. Nxe4 (25. f4 Nc6 $17) 25... fxe4 26. Bxe4 Bxh3 $17) 23... Re8 (23... Bb5 $2 24. cxd6 Bxe2 25. Re1 $18) 24. f4 ({Much weaker is} 24. cxd6 h6 25. Nxe4 (25. f4 Nc6 $17) 25... fxe4 26. Bxe4 Nf7 $17) (24. h4 $11) 24... exf3 (24... Nc6 $1 $15) 25. Nxf3 $14 Nf7 26. R5d2 Bc6 27. cxd6 {[%cal Bc5d6,Bd6d7][%mdl 32]} Bd7 28. Rc1 {Hoping for Rc7.} Bc6 (28... Rxd6 $2 29. Rxd6 Nxd6 30. Rc7 $18) 29. d7 Rd8 30. Nd4 $36 {[%cal Rg2c6][%mdl 2048] White is really pushing. White is more active.} Bxg2 31. Kxg2 Ne5 {[#]} (31... Rd6 $16) 32. Nb5 (32. Rc5 $1 $18 {[%cal Rc5e5]} Nc6 33. Rb5) 32... Rxd7 {A mistake that costs the game.} (32... Rf7 $16) 33. Rxd7+ $18 {White is clearly better.} Nxd7 $16 {[%mdl 4096] Endgame KRN-KRN} 34. Rc7 ({Resist} 34. Nxa7 $6 Rf7 $16) 34... Rf7 35. Nd6 ({Don't play} 35. Nxa7 $6 Nf6 36. Rxf7+ Kxf7 $14) 35... Re7 36. Rxb7 Rxe2+ 37. Kf1 Re7 38. Rxa7 Kf6 39. Kf2 Ke6 40. Nc4 Re8 41. Ra6+ Kd5 $2 {[%mdl 8192] Weighted Error Value: White=0.18 (very precise) /Black=0.20 (precise)} (41... Ke7 $16 42. b4 Nf6) 1-0

[Event "NOR-chT Eliteserien 2021-22"]
[Site "Norway"]
[Date "2022.02.06"]
[Round "6.2"]
[White "Tisdall, Jonathan D"]
[Black "Bern, Ivar"]
[Result "1/2-1/2"]
[WhiteElo "2414"]
[BlackElo "2312"]
[Annotator "TA"]
[PlyCount "88"]
[EventDate "2021.10.29"]
[EventType "team-tourn"]
[EventCountry "NOR"]
[SourceTitle "playchess.com"]
[Source "ChessBase"]
[SourceQuality "1"]

{[%evp 9,88,45,45,-5,22,23,20,20,36,0,-10,-25,-14,-43,-46,-48,-43,-94,0,0,0,-89,-87,-85,-91,-150,-164,-159,-154,-163,-165,-156,-160,-152,-148,-234,-219,-265,-201,-264,-245,-244,-234,-193,-156,-345,-329,-893,-819,-5297,-5297,-2164,-1003,-4682,-5306,-2241,-2779,-2968,-2818,-5321,0,-1503,0,-5297,-5287,-5210,-1984,-1315,-59,-60,0,0,0,0,0,0,0,0,0,0,0]} 1. d4 f5 2. Bg5 g6 3. h4 Bg7 4. Nc3 d5 5. e3 c6 6. Qd3 {A80: Dutch Defence: Unusual White second moves.} (6. Qf3 $14) 6... Nf6 {[#]} 7. Bxf6 $146 ({Predecessor:} 7. Be2 b6 8. f3 Ba6 9. Qd2 Qc7 10. Bxa6 Nxa6 11. O-O-O e5 12. dxe5 Qxe5 13. e4 {1-0 (24) Parsons,A (1768)-Salazar Martin,J (1498) Las Palmas 2019}) 7... Bxf6 8. f4 $1 {Inhibits e5.} e5 9. dxe5 (9. fxe5 $14 {is superior.} Bxh4+ 10. Kd2) 9... Bxh4+ $11 10. Kd2 Be7 11. Rd1 Na6 12. Kc1 Nc5 13. Qd4 (13. Qd2 $15) 13... Ne4 (13... b5 $1 $17 {[%cal Ob5b4] Hoping for ...b4!} 14. Kb1 a5 15. Nxb5 cxb5 16. Bxb5+ Kf8) 14. Nxe4 fxe4 15. g3 (15. c4 $11 {keeps the balance.}) 15... Qa5 $1 $17 16. a3 {[#]} Bg4 $1 {...Bc5 is the strong threat.} 17. Ne2 (17. Be2 $142 Bc5 18. Qd2) 17... Bc5 $36 {[%mdl 2048] Black has strong initiative.} 18. Qd2 Qb6 19. Nd4 Bxd1 20. Qxd1 Bxd4 21. exd4 {[#]} O-O-O $1 22. g4 (22. Bh3+ $17 Kb8 23. Kb1) 22... c5 $19 23. c3 cxd4 24. cxd4 Kb8 25. f5 h5 $1 26. f6 hxg4 27. Rxh8 (27. Rg1 $17 {is the only way for White.}) 27... Rxh8 28. Qxg4 $2 (28. Bg2) 28... Qxd4 {[%mdl 4096] Endgame Threatens to win with ...Rh2. KQR-KQB} (28... Rh2 29. Bg2 Qxd4 30. f7 Qg1+ 31. Qd1 Qc5+ 32. Qc2 Qg1+ 33. Qd1 Qc5+ 34. Qc2 Qg1+ 35. Qd1 $11) 29. Qf4 {Inhibits Rh2.} Rc8+ 30. Kb1 g5 (30... Qd1+ $142 31. Ka2 g5 32. Qxg5 Rc1 33. Qxc1 Qxc1) 31. Qxg5 Qd1+ 32. Ka2 Qxf1 33. e6 Qc4+ 34. Ka1 Qf1+ 35. Ka2 Qc4+ 36. Ka1 Rh8 {( -> ...Rh1+)} 37. Qg2 {Prevents Rh1+.} Qc8 38. e7 Qe6 $2 (38... Qf5 $19 39. Qg3+ Kc8 40. Qc3+ Kd7) 39. Qg7 $15 Rh1+ (39... Re8 $1 $15 40. Qf8 Qc8) 40. Ka2 $11 {Black must now prevent Qf8+. The position is equal.} d4+ 41. b3 Rh2+ 42. Ka1 {Really sharp!} Rh1+ 43. Ka2 {Strongly threatening Qf8+.} Rh2+ 44. Ka1 Rh1+ {White happily takes the draw.  Weighted Error Value: White=0.92/Black=0.65} 1/2-1/2

[Event "NOR-chT Eliteserien 2021-22"]
[Site "Norway"]
[Date "2022.02.06"]
[Round "6.3"]
[White "Stokke, Kjetil"]
[Black "Sahl, Bjarke"]
[Result "0-1"]
[WhiteElo "2325"]
[BlackElo "2306"]
[Annotator "TA"]
[PlyCount "50"]
[EventDate "2021.10.29"]
[EventType "team-tourn"]
[EventCountry "NOR"]
[SourceTitle "playchess.com"]
[Source "ChessBase"]
[SourceQuality "1"]

{[%evp 16,50,14,13,35,22,24,24,30,-233,-239,-354,-338,-368,-358,-350,-364,-907,-907,-894,-839,-29988,-29989,-29989,-651,-1364,-1344,-1329,-234,-1295,-1262,-1296,-1279,-29982,-29983,-29973,-2564]} 1. c4 f5 2. g3 Nf6 3. Bg2 g6 4. Nc3 Bg7 5. d3 O-O 6. e4 d6 7. Nge2 Nc6 8. O-O e5 9. Nd5 f4 {A26: English Opening vs King's Indian with ...Nc6 and d3.} 10. gxf4 Nh5 11. Kh1 {[%cal Of4f5]} Qh4 {[%cal Re5f4] [#] White has an edge.} 12. Nxc7 $146 {[%mdl 8192]} (12. f5 $1 $11) ({Predecessor:} 12. f5 gxf5 13. Nxc7 Rb8 14. Ng3 Nf4 15. Nxf5 Bxf5 16. Bxf4 exf4 17. exf5 Kh8 18. Bxc6 bxc6 19. Ne6 Be5 20. Qf3 Rxf5 21. Rg1 Qh6 22. d4 Qxe6 23. dxe5 dxe5 {½-½ (23) Smith,A (2167)-Welti,M (2152) ICCF email 2019}) 12... exf4 $19 {[%cal Of4f3]} 13. Ng1 {[#]} (13. Nxa8 f3 14. Bxf3 Be5 $19) (13. f3 $142 Ng3+ 14. Kg1 Nxf1 15. Qxf1) 13... f3 $1 {[%mdl 512]} 14. Nxf3 {[#]} Rxf3 {[%mdl 576] Remove Defender} 15. Qxf3 {aiming for Qe3.} Be5 {[%csl Ge5][%cal Rh4h2] Really sharp!} 16. h3 {[#]} (16. Bh3 Bxh3 17. Bg5) 16... Nd4 $1 {[%mdl 512]} 17. Qe3 {[#]} Bf4 $1 {[%mdl 512]} 18. Qxd4 {[#]} (18. Qxf4 Nxf4) 18... Bxh3 $1 {[%cal Bc8h3,Bh3g4,Bg4e2][%mdl 32]} 19. Re1 {[#]} Be5 $1 {[%mdl 512]} 20. Qe3 (20. Qd5+ Be6+) 20... Bg4+ 21. Kg1 Qh2+ $40 {[%mdl 128] Black has strong attack.} 22. Kf1 Rf8 {( -> ...Ng3+)} 23. Re2 Ng3+ 24. Ke1 Qg1+ 25. Kd2 Bxe2 {White got outplayed after the opening.  Weighted Error Value: White=1.27/Black=0.43} 0-1

[Event "NOR-chT Eliteserien 2021-22"]
[Site "Norway"]
[Date "2022.02.06"]
[Round "6.3"]
[White "Byklum, Bjornar"]
[Black "Mikalsen, Erlend"]
[Result "1/2-1/2"]
[WhiteElo "2318"]
[BlackElo "2368"]
[Annotator "ChessBase"]
[PlyCount "56"]
[EventDate "2021.10.29"]
[EventType "team-tourn"]
[EventCountry "NOR"]
[SourceTitle "playchess.com"]
[Source "ChessBase"]
[SourceQuality "1"]
[TimeControl "40/5400+30:1800+30"]

1. d4 {[%emt 0:00:04]} Nf6 {[%emt 0:11:22]} 2. c4 {[%emt 0:00:07]} e6 {[%emt 0:00:05]} 3. Nc3 {[%emt 0:00:11]} Bb4 {[%emt 0:00:07]} 4. e3 {[%emt 0:00:34]} O-O {[%emt 0:01:48]} 5. Bd3 {[%emt 0:00:12]} d5 {[%emt 0:00:07]} 6. a3 {[%emt 0:01:17]} Bxc3+ {[%emt 0:00:11]} 7. bxc3 {[%emt 0:00:07]} dxc4 {[%emt 0:00:08]} 8. Bxc4 {[%emt 0:00:06]} c5 {[%emt 0:00:07]} 9. Nf3 {[%emt 0:00:35]} Qc7 {[%emt 0:00:27]} 10. Be2 {[%emt 0:00:14]} Rd8 {[%emt 0:12:07]} 11. Bb2 {[%emt 0:02:59]} Nc6 {[%emt 0:00:11]} 12. O-O {[%emt 0:00:44]} e5 {[%emt 0:00:25]} 13. h3 {[%emt 0:00:14]} Bf5 {[%emt 0:06:46]} 14. Rc1 {[%emt 0:10:41]} Qb6 {[%emt 0:05:26]} 15. Ba1 {[%emt 0:00:12]} Be4 {[%emt 0:00:09]} 16. Qa4 {[%emt 0:05:55]} Qc7 {[%emt 0:03:35]} 17. Rfd1 {[%emt 0:05:13]} Qe7 {[%emt 0:00:23]} 18. Nxe5 {[%emt 0:15:41]} Nxe5 {[%emt 0:00:06]} 19. dxe5 {[%emt 0:00:06]} Rxd1+ {[%emt 0:01:06]} 20. Rxd1 {[%emt 0:01:28]} Qxe5 {[%emt 0:00:02]} 21. c4 {[%emt 0:03:14]} Qg5 {[%emt 0:01:12]} 22. Bf1 {[%emt 0:00:53]} Bc6 {[%emt 0:01:27]} 23. Qc2 {[%emt 0:05:42]} Ne4 {[%emt 0:01:58]} 24. Bb2 {[%emt 0:09:59]} Re8 {[%emt 0:00:42]} 25. Bc1 {[%emt 0:01:06]} Qe5 {[%emt 0:07:48]} 26. Bb2 {[%emt 0:01:25]} Qg5 {[%emt 0:00:54]} 27. Bc1 {[%emt 0:00:14]} Qe5 {[%emt 0:00:28]} 28. Bb2 {[%emt 0:01:21]} Qg5 {[%emt 0:00:56]} 1/2-1/2

[Event "NOR-chT Eliteserien 2021-22"]
[Site "Norway"]
[Date "2022.02.06"]
[Round "6.4"]
[White "Flermoen, Peter"]
[Black "Astrup, Kim Chr."]
[Result "1/2-1/2"]
[WhiteElo "2297"]
[BlackElo "2224"]
[Annotator "ChessBase"]
[PlyCount "86"]
[EventDate "2021.10.29"]
[EventType "team-tourn"]
[EventCountry "NOR"]
[SourceTitle "playchess.com"]
[Source "ChessBase"]
[SourceQuality "1"]
[TimeControl "40/5400+30:1800+30"]

1. e4 {[%emt 0:00:04]} c6 {[%emt 0:10:42]} 2. d4 {[%emt 0:00:10]} d5 {[%emt 0:00:14]} 3. Nc3 {[%emt 0:00:08]} dxe4 {[%emt 0:00:32]} 4. Nxe4 {[%emt 0:00:08]} Nf6 {[%emt 0:00:31]} 5. Nxf6+ {[%emt 0:02:25]} exf6 {[%emt 0:00:20]} 6. Bc4 {[%emt 0:02:46]} Bd6 {[%emt 0:01:06]} 7. Ne2 {[%emt 0:00:53]} O-O {[%emt 0:05:39]} 8. Be3 {[%emt 0:01:36]} Nd7 {[%emt 0:02:54]} 9. Bb3 {[%emt 0:00:46]} Re8 {[%emt 0:03:16]} 10. Qd2 {[%emt 0:01:28]} a5 {[%emt 0:00:53]} 11. a3 {[%emt 0:02:12]} Qc7 {[%emt 0:10:38]} 12. c4 {[%emt 0:21:34]} Nf8 {[%emt 0:02:36]} 13. d5 {[%emt 0:06:11]} c5 {[%emt 0:03:13]} 14. Ba4 {[%emt 0:04:28]} Bd7 {[%emt 0:01:56]} 15. Bxd7 {[%emt 0:00:10]} Qxd7 {[%emt 0:00:20]} 16. h3 {[%emt 0:06:37]} Ng6 {[%emt 0:02:06]} 17. O-O {[%emt 0:10:55]} f5 {[%emt 0:07:01]} 18. a4 {[%emt 0:10:35]} Re4 {[%emt 0:04:41]} 19. Nc3 {[%emt 0:03:23]} Rxc4 {[%emt 0:03:38]} 20. f4 {[%emt 0:00:08]} Re8 {[%emt 0:03:58]} 21. g3 {[%emt 0:02:48]} h5 {[%emt 0:03:34]} 22. h4 {[%emt 0:00:09]} Nf8 {[%emt 0:00:39]} 23. Rfe1 {[%emt 0:02:16]} Rb4 {[%emt 0:01:28]} 24. Bf2 {[%emt 0:02:39]} Rxe1+ {[%emt 0:01:13]} 25. Rxe1 {[%emt 0:00:11]} Nh7 {[%emt 0:00:11]} 26. Nb5 {[%emt 0:06:33]} Nf6 {[%emt 0:03:16]} 27. Nxd6 {[%emt 0:01:51]} Qxd6 {[%emt 0:00:08]} 28. Re5 {[%emt 0:00:18]} Ne4 {[%emt 0:01:17]} 29. Qc2 {[%emt 0:01:18]} f6 {[%emt 0:02:52]} 30. Re8+ {[%emt 0:00:11]} Kf7 {[%emt 0:00:29]} 31. Rc8 {[%emt 0:00:10]} Qxd5 {[%emt 0:00:18]} 32. Qe2 {[%emt 0:01:54]} Kg6 {[%emt 0:01:36]} 33. Rh8 {[%emt 0:00:38]} Kf7 {[%emt 0:02:49]} 34. Qxh5+ {[%emt 0:00:26]} Ke7 {[%emt 0:00:13]} 35. Rc8 {[%emt 0:02:44]} Nd6 {[%emt 0:01:03]} 36. Rc7+ {[%emt 0:01:20]} Ke6 {[%emt 0:00:44]} 37. Bxc5 {[%emt 0:00:50]} Qd3 {[%emt 0:02:13]} 38. Bxb4 {[%emt 0:01:59]} Qxg3+ {[%emt 0:00:48]} 39. Kh1 {[%emt 0:03:34]} Qh3+ {[%emt 0:00:49]} 40. Kg1 {[%emt 0:00:12]} Qg3+ {[%emt 0:00:15]} 41. Kh1 {[%emt 0:03:12]} Qh3+ {[%emt 0:06:07]} 42. Kg1 {[%emt 0:00:09]} Qg3+ {[%emt 0:00:16]} 43. Kh1 {[%emt 0:00:10]} Qh3+ {[%emt 0:02:13]} 1/2-1/2

[Event "NOR-chT Eliteserien 2021-22"]
[Site "Norway"]
[Date "2022.02.06"]
[Round "6.4"]
[White "Ekeberg, Carl Fredrik"]
[Black "Gullaksen, Eirik"]
[Result "1-0"]
[WhiteElo "2276"]
[BlackElo "2349"]
[Annotator "TA"]
[PlyCount "147"]
[EventDate "2021.10.29"]
[EventType "team-tourn"]
[EventCountry "NOR"]
[SourceTitle "playchess.com"]
[Source "ChessBase"]
[SourceQuality "1"]

{[%evp 19,147,18,61,51,53,46,72,68,92,91,149,155,151,161,176,157,161,166,175,97,93,106,108,106,102,100,89,55,60,69,56,31,22,22,19,29,23,25,132,125,135,120,129,131,118,118,123,116,155,147,140,146,147,147,146,144,155,141,123,96,258,258,258,235,234,234,458,433,433,433,433,423,313,304,297,288,279,90,90,90,90,90,91,91,192,183,157,0,0,0,0,0,0,0,0,0,70,56,63,63,108,108,188,64,1062,1312,960,909,29968,29968,29973,29974,29974,29973,29973,29974,29976,29971,29977,29964,29958,0,29976,29977,29977,29978,29978,29979,29984,29985]} 1. d4 Nf6 2. c4 g6 3. Nc3 Bg7 4. e4 O-O 5. Nf3 d6 6. Be2 Na6 7. O-O e5 8. Be3 Ng4 9. Bg5 Qe8 10. dxe5 dxe5 (10... Nxe5 $11 11. Rc1 f5) 11. Rb1 $14 {E94: King's Indian: Classical: 6 Be2 e5 7 0-0: Various Black 7th moves.} h6 12. Bc1 c6 13. b4 {[#] White is better.} Nc7 $146 ({Predecessor:} 13... f5 14. c5 Nc7 15. a4 Kh7 16. b5 Bd7 17. bxc6 Bxc6 18. Nd5 Nxd5 19. exd5 Bxa4 {1-0 (79) Fedorovsky,M (2270)-Trent,L (2377) Playchess.com INT 2004}) 14. b5 Qe6 (14... c5 $142) 15. bxc6 $16 bxc6 16. Qa4 Kh7 17. Qa5 Ne8 18. h3 Ngf6 19. Nxe5 ({Much less strong is} 19. Qxe5 Qxe5 20. Nxe5 Nxe4 21. Nxe4 Bxe5 $16) (19. Ba3 $18) 19... Nxe4 20. Nxe4 Qxe5 21. Qxe5 Bxe5 22. Ba3 Rh8 23. Bb2 Bxb2 24. Rxb2 Bf5 25. Bf3 (25. Nc5 {feels hotter.} Rd8 26. Rc1 Nd6 27. Bf3 Kg7 28. Rb4) 25... Bxe4 26. Bxe4 Rc8 ({Don't take} 26... Nd6 27. Bxc6 Rac8 28. Bd5 $16) 27. Rd1 Rc7 {Prevents Rd7.} 28. Bf3 c5 (28... Kg7 $11) 29. a4 $1 {[%cal Ba2a4,Ba4a5][%mdl 32] White is much more active. Black has bad knights.} Nf6 30. a5 $1 Nd7 31. Rb7 Rxb7 32. Bxb7 {[%mdl 4096] Endgame KRB-KRN} Ne5 33. Bd5 {Strongly threatening f4.} Rd8 {[%cal Oe5c4]} 34. Re1 $1 Re8 {[%cal Oe5f3]} 35. Kf1 $1 g5 {[#]} 36. Bxf7 $1 {[%mdl 512]} Re7 37. Bd5 {Inhibits Nc6.} Kg7 38. g3 Kf6 39. Kg2 Nd3 $2 (39... Nc6 $16 {was called for.} 40. Rd1 Nd4) 40. Rxe7 $1 $18 Kxe7 {KB-KN} 41. Kf3 Kf6 42. Ke3 Ne5 (42... Nc1 43. Bf3 Nb3) 43. Ke4 Ng6 44. f4 gxf4 45. gxf4 Ne7 46. Bb7 Ke6 47. Kf3 Kf5 48. Be4+ $2 (48. h4 $18 {and White stays clearly on top.}) 48... Ke6 $16 49. Kg4 $1 Kf6 50. Kh5 $1 Kg7 51. f5 $1 Ng8 (51... Nc8 $16) 52. Kg4 $18 Kf6 53. Bd5 $2 (53. Bc2 $16) 53... Ne7 $11 54. Be6 {Threatens to win with Bd7.} Nc6 55. a6 Nb4 56. Bc8 Nd3 57. Kh5 Ne5 (57... Nf4+ $1 $11 58. Kg4 Nd3) 58. Be6 $14 ({Wrong is} 58. Kxh6 $2 Nxc4 59. Kh7 Ne3 $19) 58... Kg7 59. Bd5 {[%cal Of5f6]} Nd7 (59... Nd3 $14 {deserves consideration.}) 60. Kg4 $1 $16 {Kf4 is the strong threat.} Kf6 {[#]} (60... Nb6 $16) 61. Kf4 (61. Be6 $1 $18 {[%cal Re6d7]} Nb6 62. Kf4) 61... Ke7 $2 {[%mdl 8192] [#]} (61... Nb6 $14) 62. Be6 $1 $18 {Intending Bxd7 and mate.} Nb8 63. Ke5 {f6+ would kill now.} Nxa6 64. f6+ Ke8 65. Kd6 Kf8 66. Kc6 Ke8 67. h4 {[%cal Bh3h4,Bh4h5][%mdl 32]} Kf8 68. Kd6 Ke8 69. Bd5 Kf8 70. Be6 Ke8 71. h5 {White mates.} Kf8 72. f7 Nb4 73. Kxc5 Nd3+ 74. Kd6 {Weighted Error Value: White=0.10 (very precise) /Black=0.23 (precise)} 1-0

[Event "NOR-chT Eliteserien 2021-22"]
[Site "Norway"]
[Date "2022.02.06"]
[Round "6.5"]
[White "Demac, Elias"]
[Black "Aulin-Jansson, Joran"]
[Result "1/2-1/2"]
[WhiteElo "2206"]
[BlackElo "2214"]
[Annotator "ChessBase"]
[PlyCount "128"]
[EventDate "2021.10.29"]
[EventType "team-tourn"]
[EventCountry "NOR"]
[SourceTitle "playchess.com"]
[Source "ChessBase"]
[SourceQuality "1"]
[TimeControl "40/5400+30:1800+30"]

1. e4 {[%emt 0:00:02]} c6 {[%emt 0:01:07]} 2. d4 {[%emt 0:00:06]} d5 {[%emt 0:00:05]} 3. exd5 {[%emt 0:00:03]} cxd5 {[%emt 0:00:06]} 4. Nf3 {[%emt 0:00:05]} Nc6 {[%emt 0:00:21]} 5. Bb5 {[%emt 0:00:06]} Nf6 {[%emt 0:00:49]} 6. Ne5 {[%emt 0:00:06]} Bd7 {[%emt 0:03:44]} 7. Nxd7 {[%emt 0:00:42]} Qxd7 {[%emt 0:00:07]} 8. c3 {[%emt 0:01:56]} a6 {[%emt 0:00:11]} 9. Bd3 {[%emt 0:00:15]} e6 {[%emt 0:01:54]} 10. O-O {[%emt 0:00:07]} Bd6 {[%emt 0:01:39]} 11. Nd2 {[%emt 0:00:10]} Qc7 {[%emt 0:00:55]} 12. h3 {[%emt 0:02:02]} O-O {[%emt 0:00:10]} 13. Re1 {[%emt 0:00:05]} b5 {[%emt 0:01:28]} 14. a3 {[%emt 0:03:12]} Rab8 {[%emt 0:07:51]} 15. Nf3 {[%emt 0:09:02]} h6 {[%emt 0:06:47]} 16. Qe2 {[%emt 0:00:45]} Na5 {[%emt 0:14:41]} 17. Ne5 {[%emt 0:07:41]} Nb3 {[%emt 0:01:03]} 18. Rb1 {[%emt 0:00:34]} Nxc1 {[%emt 0:00:09]} 19. Rbxc1 {[%emt 0:00:43]} Qb6 {[%emt 0:02:25]} 20. Bb1 {[%emt 0:02:14]} a5 {[%emt 0:04:59]} 21. Ng4 {[%emt 0:06:21]} Nxg4 {[%emt 0:08:48]} 22. hxg4 {[%emt 0:00:05]} Rfe8 {[%emt 0:04:08]} 23. b4 {[%emt 0:07:30]} Rb7 {[%emt 0:04:38]} 24. g3 {[%emt 0:02:33]} Be7 {[%emt 0:01:44]} 25. Bd3 {[%emt 0:10:34]} Bf6 {[%emt 0:02:11]} 26. Kg2 {[%emt 0:07:36]} Rc8 {[%emt 0:01:14]} 27. Rc2 {[%emt 0:00:36]} Kf8 {[%emt 0:06:58]} 28. f4 {[%emt 0:04:09]} Rbc7 {[%emt 0:00:29]} 29. Rec1 {[%emt 0:01:04]} Rb8 {[%emt 0:00:22]} 30. Qd2 {[%emt 0:07:27]} g6 {[%emt 0:01:45]} 31. g5 {[%emt 0:04:41]} hxg5 {[%emt 0:01:24]} 32. fxg5 {[%emt 0:00:05]} Bg7 {[%emt 0:00:36]} 33. Qf4 {[%emt 0:01:07]} axb4 {[%emt 0:01:13]} 34. cxb4 {[%emt 0:05:28]} Rxc2+ {[%emt 0:03:28]} 35. Rxc2 {[%emt 0:00:01]} e5 {[%emt 0:00:30]} 36. dxe5 {[%emt 0:00:38]} Qe6 {[%emt 0:00:52]} 37. Re2 {[%emt 0:07:53]} Ra8 {[%emt 0:00:29]} 38. Qc1 {[%emt 0:02:31]} Rc8 {[%emt 0:01:31]} 39. Qe1 {[%emt 0:03:03]} d4 {[%emt 0:01:33]} 40. Rc2 {[%emt 0:05:25]} Rxc2+ {[%emt 0:05:44]} 41. Bxc2 {[%emt 0:30:01]} Qa2 {[%emt 0:32:27]} 42. Qe2 {[%emt 0:00:00]} Bxe5 {[%emt 0:00:00]} 43. Bd3 {[%emt 0:00:00]} Qd5+ {[%emt 0:00:00]} 44. Qf3 {[%emt 0:00:00]} Qa2+ {[%emt 0:00:00]} 45. Be2 {[%emt 0:00:00]} Qd2 {[%emt 0:00:00]} 46. Kh3 {[%emt 0:00:00]} Qxg5 {[%emt 0:00:00]} 47. Bxb5 {[%emt 0:00:00]} Qh6+ {[%emt 0:00:00]} 48. Kg2 {[%emt 0:00:00]} Qd2+ {[%emt 0:00:00]} 49. Be2 {[%emt 0:00:00]} Qe1 {[%emt 0:00:00]} 50. b5 {[%emt 0:00:00]} f5 {[%emt 0:02:34]} 51. Bc4 {[%emt 0:00:00]} Kg7 {[%emt 0:01:31]} 52. a4 {[%emt 0:00:23]} Qc3 {[%emt 0:02:25]} 53. Qxc3 {[%emt 0:03:36]} dxc3 {[%emt 0:00:34]} 54. Bd3 {[%emt 0:00:04]} Bc7 {[%emt 0:00:06]} 55. Kf3 {[%emt 0:00:06]} Kf6 {[%emt 0:00:13]} 56. g4 {[%emt 0:01:05]} Ke5 {[%emt 0:04:15]} 57. gxf5 {[%emt 0:00:17]} gxf5 {[%emt 0:00:06]} 58. Bc2 {[%emt 0:00:38]} f4 {[%emt 0:00:20]} 59. Kg4 {[%emt 0:00:44]} Kd4 {[%emt 0:00:58]} 60. Kf3 {[%emt 0:01:12]} Bb8 {[%emt 0:01:08]} 61. Bb1 {[%emt 0:00:29]} Kc5 {[%emt 0:01:41]} 62. Ke4 {[%emt 0:00:20]} Kc4 {[%emt 0:00:07]} 63. Bc2 {[%emt 0:00:06]} Bc7 {[%emt 0:00:09]} 64. Bd1 {[%emt 0:00:26]} Bb8 {[%emt 0:00:49]} 1/2-1/2

[Event "NOR-chT Eliteserien 2021-22"]
[Site "Norway"]
[Date "2022.02.06"]
[Round "6.5"]
[White "Grebstad, Kjell Borre"]
[Black "Solberg, Joachim"]
[Result "1/2-1/2"]
[WhiteElo "2064"]
[BlackElo "2216"]
[Annotator "ChessBase"]
[PlyCount "43"]
[EventDate "2021.10.29"]
[EventType "team-tourn"]
[EventCountry "NOR"]
[SourceTitle "playchess.com"]
[Source "ChessBase"]
[SourceQuality "1"]
[TimeControl "40/5400+30:1800+30"]

1. d4 {[%emt 0:00:04]} Nf6 {[%emt 0:04:46]} 2. c4 {[%emt 0:00:15]} e6 {[%emt 0:00:04]} 3. g3 {[%emt 0:00:13]} d5 {[%emt 0:00:04]} 4. Nf3 {[%emt 0:00:35]} dxc4 {[%emt 0:00:04]} 5. Bg2 {[%emt 0:00:26]} c5 {[%emt 0:09:21]} 6. O-O {[%emt 0:01:05]} Nc6 {[%emt 0:00:11]} 7. dxc5 {[%emt 0:02:01]} Qxd1 {[%emt 0:00:12]} 8. Rxd1 {[%emt 0:00:08]} Bxc5 {[%emt 0:00:02]} 9. Nbd2 {[%emt 0:01:01]} Ke7 {[%emt 0:05:10]} 10. Nxc4 {[%emt 0:02:44]} Ne4 {[%emt 0:01:31]} 11. Be3 {[%emt 0:05:46]} Bxe3 {[%emt 0:02:01]} 12. Nxe3 {[%emt 0:02:03]} Rd8 {[%emt 0:08:31]} 13. Rxd8 {[%emt 0:04:06]} Kxd8 {[%emt 0:00:15]} 14. Rd1+ {[%emt 0:03:04]} Ke7 {[%emt 0:00:14]} 15. Nd4 {[%emt 0:06:33]} Nxd4 {[%emt 0:00:15]} 16. Rxd4 {[%emt 0:00:49]} Nd6 {[%emt 0:00:27]} 17. Nc4 {[%emt 0:11:29]} Nxc4 {[%emt 0:00:27]} 18. Rxc4 {[%emt 0:00:07]} Kd6 {[%emt 0:00:09]} 19. Rd4+ {[%emt 0:07:35]} Ke7 {[%emt 0:00:13]} 20. Rc4 {[%emt 0:04:47]} Kd6 {[%emt 0:00:06]} 21. Rd4+ {[%emt 0:16:56]} Ke7 {[%emt 0:00:21]} 22. Rc4 {[%emt 0:03:23]} 1/2-1/2